000 00643nam a2200193 a 4500
001 000023376
005 20200930022156.0
008 101203s1972 ve r 000 0 spa d
040 _aDO-SdBNP
_bspa
_cBNPHU
082 _axxx
_bA727a
100 1 _aArmas Alfonzo, Alfredo
_948154
245 1 0 _aAgosto y otros difuntos /
_cAlfredo Armas Alfonzo; ilustración por Santiago Pol.
260 _aCaracas, Venezuela :
_bMonte Avila,
_c1972.
300 _a159 p. ;
_c16 cm.
490 1 _aBiblioteca Popular Eldorado;
_v11;
590 _aInventariado, 2019/ YL
700 1 _aPol, Santiago
_eil.
_948155
830 0 _aBiblioteca Popular Eldorado
_v11
_916894
999 _c22873
_d22873